[Event "Foment Martinenc op-C 24th"]
[Site "Barcelona"]
[Date "2024.05.18"]
[Round "5"]
[White "Rius Navarro, Marc"]
[Black "Nunez Fernandez, Daniel"]
[Result "0-1"]
[WhiteElo "1633"]
[BlackElo "1536"]
[PlyCount "58"]
[EventDate "2024.04.20"]
[EventType "swiss"]
[EventRounds "9"]
[EventCountry "ESP"]
[SourceTitle "CBM 220 Extra"]
[Source "ChessBase"]
[SourceDate "2024.07.31"]
[SourceVersion "1"]
[SourceVersionDate "2024.07.31"]
[SourceQuality "1"]

1. d4 d5 2. Nf3 Bf5 3. e3 Nf6 4. Bd3 Bg6 5. b3 e6 6. Bb2 Bd6 7. 0-0 Bh5 8. h3 Nbd7 9. Nbd2 0-0 10. c4 c6 11. Qc2 Re8 12. Ne5 b6 13. f4 c5 14. g4 Bg6 15. Nxg6 fxg6 16. g5 Nh5 17. Rf3 cxd4 18. cxd5 dxe3 19. dxe6 Rxe6 20. Ne4 Bxf4 21. Bc4 Nc5 22. Kf1 Nxe4 23. Bxe6+ Kh8 24. Qxe4 Ng3+ 25. Rxg3 Bxg3 26. Qxe3 Qf8+ 27. Kg1 Bf4 28. Qd4 Re8 29. Bc4 Be3+ 0-1

[Event "Foment Martinenc op-C 20th"]
[Site "Barcelona"]
[Date "2018.06.02"]
[Round "7"]
[White "Rius Navarro, Marc"]
[Black "Alonso Vidal, David"]
[Result "0-1"]
[WhiteElo "1600"]
[BlackElo "1685"]
[PlyCount "74"]
[EventDate "2018.04.21"]
[EventType "swiss"]
[EventRounds "9"]
[EventCountry "ESP"]
[SourceTitle "CBM 184 Extra"]
[Source "ChessBase"]
[SourceDate "2018.06.28"]
[SourceVersion "1"]
[SourceVersionDate "2018.06.28"]
[SourceQuality "1"]

1. e4 e5 2. Nf3 Nc6 3. Nc3 Nf6 4. Bb5 Bc5 5. 0-0 a6 6. Bxc6 dxc6 7. d3 h6 8. Nxe5 Qd6 9. Nf3 Ng4 10. Qe2 Qg6 11. g3 Nxh2 12. Nxh2 Qxg3+ 13. Kh1 Qh3 14. Qf3 Qh4 15. Qg3 Qh5 16. Kg2 0-0 17. Qf3 Qg6+ 18. Qg3 Qh5 19. a3 Bd6 20. f4 Re8 21. Qf3 Qh4 22. Bd2 Re6 23. Rh1 Rg6+ 24. Kf1 Bh3+ 25. Ke2 Bc5 26. Be3 Rg2+ 27. Kd1 Bg4 28. Qxg4 Rxg4 29. Bxc5 Rg2 30. b4 Qxf4 31. Ne2 Qe5 32. Rb1 Rd8 33. Nf3 Qxe4 34. Kc1 Qxe2 35. Ne1 Qd2+ 36. Kb2 Rxd3 37. Nxd3 Qxc2+ 0-1